000 00498nam a22001817a 4500
005 20260424133712.0
008 260424b |||||||| |||| 00| 0 eng d
037 _cDSWL
040 _aDSWL
_cDSWL
041 _hHindi
100 _aहुसैन, साबिर
_91235680
245 _a जीतेंगे हम
260 _aNew Delhi,
_bNational Book Trust,
_c2014
300 _a54p
365 _aINR
_b90
942 _2CC
_cTEXL
_n0
999 _c1848517
_d1848517